| 000 | 00469nam a22001817a 4500 | ||
|---|---|---|---|
| 999 |
_c11808 _d11808 |
||
| 008 | 210111b ||||| |||| 00| 0 eng d | ||
| 020 | _a9788120340824 | ||
| 082 |
_a670 _bKAU |
||
| 100 | _aKaushish, J. P. | ||
| 245 | _aManufacturing processes | ||
| 250 | _a2nd Ed. | ||
| 260 |
_aNew Delhi _bPHI learning pvt. ltd. _c2010 |
||
| 300 |
_axxvii, 1007p. _bPbc |
||
| 650 | _aMachine-tools | ||
| 650 | _aManufacturing processes | ||
| 650 | _aMetal-work | ||
| 942 | _cBK | ||